|
|
|
|
| LEADER |
00000cam a22000004a 4500 |
| 001 |
musev2_25352 |
| 003 |
MdBmJHUP |
| 005 |
20230905042710.0 |
| 006 |
m o d |
| 007 |
cr||||||||nn|n |
| 008 |
061128s2006 cau o 00 0 eng d |
| 020 |
|
|
|a 9780520931909
|
| 020 |
|
|
|z 9780520244559
|
| 035 |
|
|
|a (OCoLC)76812972
|
| 040 |
|
|
|a MdBmJHUP
|c MdBmJHUP
|
| 100 |
1 |
|
|a Trautmann, Thomas R.
|
| 245 |
1 |
0 |
|a Languages and Nations :
|b The Dravidian Proof in Colonial Madras /
|c Thomas R. Trautmann.
|
| 264 |
|
1 |
|a Berkeley :
|b University of California Press,
|c 2006.
|
| 264 |
|
3 |
|a Baltimore, Md. :
|b Project MUSE,
|c 2014
|
| 264 |
|
4 |
|c ©2006.
|
| 300 |
|
|
|a 1 online resource (321 pages):
|b illustrations, maps
|
| 336 |
|
|
|a text
|b txt
|2 rdacontent
|
| 337 |
|
|
|a computer
|b c
|2 rdamedia
|
| 338 |
|
|
|a online resource
|b cr
|2 rdacarrier
|
| 505 |
0 |
|
|a Explosion in the grammar factory -- Pāṇini and Tolkāppiyar -- Ellis and his circle -- The College -- The Dravidian proof -- Legacies -- Appendix A. The legend of the cow-pox -- Appendix B. The Dravidian proof.
|
| 520 |
|
|
|a British rule of India brought together two very different traditions of scholarship about language, whose conjuncture led to several intellectual breakthroughs of lasting value. Two of these were especially important: the conceptualization of the Indo-European language family by Sir William Jones at Calcutta in 1786-proposing that Sanskrit is related to Persian and languages of Europe-and the conceptualization of the Dravidian language family of South India by F.W. Ellis at Madras in 1816-the ""Dravidian proof, "" showing that the languages of South India are related to one another but are not
|
| 588 |
|
|
|a Description based on print version record.
|
| 600 |
1 |
7 |
|a Ellis, Francis Whyte,
|d 1777-1819
|2 fast
|0 (OCoLC)fst01817281
|
| 600 |
1 |
0 |
|a Ellis, Francis Whyte,
|d 1777-1819.
|
| 650 |
|
7 |
|a Education.
|2 fast
|0 (OCoLC)fst00902499
|
| 650 |
|
7 |
|a Orientalism.
|2 fast
|0 (OCoLC)fst01048139
|
| 650 |
|
7 |
|a Indologists.
|2 fast
|0 (OCoLC)fst00970541
|
| 650 |
|
7 |
|a Dravidian philology.
|2 fast
|0 (OCoLC)fst00897705
|
| 650 |
|
7 |
|a HISTORY
|z Asia
|x General.
|2 bisacsh
|
| 650 |
|
7 |
|a LANGUAGE ARTS & DISCIPLINES
|x Linguistics
|x Historical & Comparative.
|2 bisacsh
|
| 650 |
|
6 |
|a Indianistes
|z Inde
|z Chennai
|x Histoire
|y 19e siecle.
|
| 650 |
|
6 |
|a Orientalisme
|x Histoire
|y 19e siecle.
|
| 650 |
|
0 |
|a Indologists
|z India
|z Chennai
|x History
|y 19th century.
|
| 650 |
|
0 |
|a Orientalism
|x History
|y 19th century.
|
| 650 |
|
0 |
|a Dravidian philology
|x History
|y 19th century.
|
| 651 |
|
7 |
|a India
|z Chennai.
|2 fast
|0 (OCoLC)fst01860073
|
| 651 |
|
7 |
|a India.
|2 fast
|0 (OCoLC)fst01210276
|
| 651 |
|
6 |
|a Inde
|x Étude et enseignement
|z Inde
|x Histoire
|y 19e siecle.
|
| 651 |
|
0 |
|a India
|x Study and teaching
|z India
|x History
|y 19th century.
|
| 655 |
|
7 |
|a History
|2 fast
|0 (OCoLC)fst01411628
|
| 655 |
|
7 |
|a Electronic books.
|2 local
|
| 710 |
2 |
|
|a Project Muse.
|e distributor
|
| 830 |
|
0 |
|a Book collections on Project MUSE.
|
| 856 |
4 |
0 |
|z Texto completo
|u https://projectmuse.uam.elogim.com/book/25352/
|
| 945 |
|
|
|a Project MUSE - Custom Collection
|
| 945 |
|
|
|a Project MUSE - Archive Complete Supplement II
|
| 945 |
|
|
|a Project MUSE - Archive History Supplement II
|
| 945 |
|
|
|a Project MUSE - Archive Asian and Pacific Studies Supplement
|